ARRUPE JESUIT UNIVERSITY

CORONAVIRUS -STOP THE SPREAD - CLEAN,DISINFECT,COVER

Guide to African history. (Record no. 42695)

MARC details
000 -LEADER
fixed length control field 00786cam a22002651 4500
001 - CONTROL NUMBER
control field 6115640
003 - CONTROL NUMBER IDENTIFIER
control field ARRUPE
005 - DATE AND TIME OF LATEST TRANSACTION
control field 20170530091453.0
008 - FIXED-LENGTH DATA ELEMENTS--GENERAL INFORMATION
fixed length control field 781019s1963 enkab 000 0 eng
010 ## - LIBRARY OF CONGRESS CONTROL NUMBER
LC control number 64057878
015 ## - NATIONAL BIBLIOGRAPHY NUMBER
National bibliography number GB63-19284
035 ## - SYSTEM CONTROL NUMBER
System control number (OCoLC)4304463
040 ## - CATALOGING SOURCE
Original cataloging agency DLC
Transcribing agency NbU
Modifying agency Uk
-- DLC
042 ## - AUTHENTICATION CODE
Authentication code premarc
050 00 - LIBRARY OF CONGRESS CALL NUMBER
Classification number DT22
Item number .D3
300 ## - PHYSICAL DESCRIPTION
Other physical details illus., maps.
Dimensions 19 cm.
100 1# - MAIN ENTRY--PERSONAL NAME
Personal name Davidson, Basil,
Dates associated with a name 1914-2010.
9 (RLIN) 30545
245 10 - TITLE STATEMENT
Title Guide to African history.
260 ## - PUBLICATION, DISTRIBUTION, ETC. (IMPRINT)
Place of publication, distribution, etc London,
Name of publisher, distributor, etc G. Allen and Unwin
Date of publication, distribution, etc [1963]
300 ## - PHYSICAL DESCRIPTION
Extent 93 p.
490 0# - SERIES STATEMENT
Series statement African elephant books,
Volume number/sequential designation no. 5
504 ## - BIBLIOGRAPHY, ETC. NOTE
Bibliography, etc Bibliography: p. 93.
651 #0 - SUBJECT ADDED ENTRY--GEOGRAPHIC NAME
Geographic name Africa
General subdivision History.
9 (RLIN) 31643
906 ## - LOCAL DATA ELEMENT F, LDF (RLIN)
a 7
b cbc
c oclcrpl
d u
e ncip
f 19
g y-gencatlg
942 ## - ADDED ENTRY ELEMENTS (KOHA)
Source of classification or shelving scheme Library of Congress Classification
Koha item type Monograph ( Printed materials)
Holdings
Withdrawn status Lost status Source of classification or shelving scheme Damaged status Not for loan Collection code Home library Current library Shelving location Date acquired Total Checkouts Full call number Barcode Date last seen Copy number Price effective from Koha item type Date checked out
    Library of Congress Classification     Main Collection ARRUPE LIBRARY ARRUPE LIBRARY Main Collection 04/03/2013   DT22.D3 1963 46003089185 07/12/2017 1 04/03/2013 Monograph ( Printed materials)  
    Library of Congress Classification     Main Collection ARRUPE LIBRARY ARRUPE LIBRARY Main Collection 04/03/2013 1 DT22.D3 1965 46003089872 07/12/2017 2 04/03/2013 Monograph ( Printed materials) 12/02/2014
    Library of Congress Classification     SPECIAL Collection ARRUPE LIBRARY ARRUPE LIBRARY REFERENCE 23/01/2019   SPC. DT22 .D3 46600002441 23/01/2019   23/01/2019 SPC  

 

Arrupe Library. PO Box MP320 Mt Pleasant, Harare, Zimbabwe
263 242 745411|librarian@aju.ac.zw